| 000 | 00513nam a2200193Ia 4500 | ||
|---|---|---|---|
| 999 |
_c10375 _d10375 |
||
| 003 | OSt | ||
| 005 | 20191221131037.0 | ||
| 008 | 190216s9999||||xx |||||||||||||| ||und|| | ||
| 020 | _a8170966396 | ||
| 040 | _coclc | ||
| 082 |
_a332.4 _bPAU/M |
||
| 100 |
_aPaul, R R _9657 |
||
| 245 | 0 |
_aMonetary Economics / _cR R Paul |
|
| 250 | _a3rd ed. | ||
| 260 |
_bKalyani Publishers, _c1994. _aNew Delhi: |
||
| 300 | _a222p | ||
| 650 | _aEconomics | ||
| 942 |
_cBK _2ddc _h332.4 _iPAU/M _k332.4 _mPAU/M |
||